Представление документа в формате RUSMARC

ПолеНазваниеЗначение
  Тип записи a
  Библиографический уровень a
001 Контрольный номер RU/CBS_Ul/BASE/522363223
005 Дата корректировки 20240209175203.1
100 Данные общей обработки __
a Данные общей обработки 20160720d2016 ||| 0rusy0189 ca
101 Язык документа 0_
a Язык текста rus
102 Страна публикации __
a Страна публикации RU
105 Кодированные данные (монография) __
a Кодированные данные (монография) y###||||000|y
200 Заглавие и сведения об ответственности 1_
a Заглавие Скрытые возможности
b Общее обозначение материала Текст
e Сведения, относящиеся к заглавию [российские дизайнеры создали OLISSYS - систему оптимизации пространства в маленькой квартире]
300 Общие примечания __
a Общие примечания Ограничения по возрасту - 16+
320 Библиография __
a Библиография
461 Уровень набора _0
1 2000
a Мой уютный дом
463 Уровень физической единицы _0
1 001RU/CBS_Ul/BASE/522357786
1 2000
a № 5
v С. 20-21 : цв. фото
1 210
d 2016
606 Тематические рубрики 0_
a Основная рубрика Интерьер жилого дома
610 Ключевые слова 0_
a Ключевые слова интерьеры
a Ключевые слова дизайн
a Ключевые слова дизайнеры российские
a Ключевые слова мебель
a Ключевые слова мебель трансформирующаяся
a Ключевые слова мебельные трансформеры
a Ключевые слова мебель-трансформер
a Ключевые слова шкафы книжные
a Ключевые слова книжные шкафы
a Ключевые слова системы хранения
a Ключевые слова квартиры маленькие
a Ключевые слова OLISSYS
686 Индексы других классификаций __
a Классификационный индекс 85.128
2 Код системы ББК
801 Источник записи _0
a Страна RU
b Организация МБУК ЦБС г. Ульяновска
c Дата составления 20160720
g Правила каталогизации RCR
801 Источник записи _1
a Страна RU
b Организация МБУК ЦБС г. Ульяновска
c Дата составления 20160720
g Правила каталогизации RCR
901 Тип документа __
t Тип документа b
w Контрольный № источника RU/CBS_Ul/BASE/522357786
910 Корректоры записи __
a Корректор записи Библиотека 1
938 Служебная информация __
a Имя БД period